Janacek's tragic operas

Guardat en:
Dades bibliogràfiques
Autor principal: Ewans, Michael (Autor)
Format: Llibre
Idioma:anglès
Publicat: Londres Faber and Faber 1977
Matèries:
Etiquetes: Afegir etiqueta
Sense etiquetes, Sigues el primer a etiquetar aquest registre!

MARC

LEADER 00000nam a2200000 a 4500
001 UCN2922
003 CL-VaPUC
005 20231113091818.0
008 010615e19770000UK |||||||||||||||||eng|d
999 |c 295938  |d 295936 
040 |c Pontificia Universidad Católica de Valparaíso 
082 0 4 |a 782.1092  |b EWA  |2 21 
100 0 |a Ewans, Michael  |e author  |9 459207 
245 1 0 |a Janacek's tragic operas 
260 |a Londres  |b Faber and Faber  |c 1977 
300 |a 284 p 
583 |a last modification  |c 20010615 00:00:00  |k Rodrigo Vera 
600 0 |a Janácek, Leos   |d 1854-1928  |9 857796 
650 7 |a OPERA  |2 CL-VaPUC  |9 459209 
650 0 |a Compositores checos  |9 459210 
650 0 |a Óperas, argumentos, tramas, etc.  |9 306494 
650 0 |a Música vocal   |9 306287 
852 |a BIBCUR 
942 |c BK  |2 ddc 
945 |d 20010615 00:00:00  |a crobeson 
952 |0 0  |1 0  |4 0  |6 782_109200000000000_EWA_1977  |7 0  |8 A  |9 349391  |a BIBEDU  |b BIBEDU  |d 2019-11-20  |i 1186272  |o 782.1092 EWA 1977  |p 1186272  |r 2022-01-17  |w 2019-11-20  |y BK  |k MUS